Monuments les plus connus dans le monde n°2 - Statistiques

Statistiques générales
  • Ce quiz a été pris 325 fois
  • Le résultat moyen est 6 sur 15
Statistiques - réponses
Par images Réponse % Correct
Grande muraille de Chine
77%
Sagrada Família
68%
Empire state building
67%
Pétra
63%
Statue du Christ rédempteur
62%
Basilique du Sacré-Cœur de Montmartre
48%
Uluru
41%
Château de Versailles
40%
Kaaba
26%
Tour CN
23%
Château de Neuschwanstein
21%
Colonne Nelson
8%
Borobudur
3%
Hermannsdenkmal
2%
Kiyomizu-dera
2%
Aucun quiz correspondant
Distribution des résultats
% des personnes avec chaque résultat
Percentile par nombre de réponses
Votre historique - résultats
Vous n’avez pas pris ce quiz